Cartografía general de Córdoba (Registro nro. 7221)

Detalles MARC
000 -CABECERA
Campo de control 00707nam a2200193 a 4500
090 ## - CLASIFICACIÓN LOCAL
Colección IAVH
Consecutivo 01299 CD-10
041 ## - IDIOMA
Código de idioma para texto/pista de sonido o título separado Español
245 ## - MENCION DE TITULO
Título Cartografía general de Córdoba
249 ## -
-- Informe de actividades de apoyo en los eventos de socialización y retroalimentación del PAB Córdoba
260 ## - PUBLICACION, DISTRIBUCION, ETC. (PIE DE IMPRENTA)
Lugar de publicación, distribución, etc. Montería
Nombre del editor, distribuidor, etc. IAVH
-- CVS
Fecha de publicación, distribución, etc. 2008
300 ## - DESCRIPCION FISICA
Extensión 1 CD
650 ## - ASIENTO SECUNDARIO DE MATERIA - TERMINO TEMATICO
Término temático o nombre geográfico como elemento de entrada Zonas costaneras
650 ## - ASIENTO SECUNDARIO DE MATERIA - TERMINO TEMATICO
Término temático o nombre geográfico como elemento de entrada Climatología
650 ## - ASIENTO SECUNDARIO DE MATERIA - TERMINO TEMATICO
Término temático o nombre geográfico como elemento de entrada Cuencas hidrográficas
650 ## - ASIENTO SECUNDARIO DE MATERIA - TERMINO TEMATICO
Término temático o nombre geográfico como elemento de entrada Zonificación ambiental
650 ## - ASIENTO SECUNDARIO DE MATERIA - TERMINO TEMATICO
Término temático o nombre geográfico como elemento de entrada Amenazas naturales
662 ## - ASIENTO SECUNDARIO DE MATERIA - JERARQUIA DEL NOMBRE DE LUGAR(
Jurisdicción política intermedia Zona costanera
Jurisdicción política de primer orden Córdoba
773 ## - Item fuente:
Título Informe de actividades de apoyo en los eventos de socialización y retroalimentación del PAB Córdoba

No hay ítems disponibles.